Catálogo

Neuropsicología de la atención, las funciones ejecutivas y la memoria / (Registro nro. 71151)

Detalles MARC
000 -LEADER
fixed length control field 01294nam a2200325 i 4500
001 - CONTROL NUMBER
control field 71151
003 - CONTROL NUMBER IDENTIFIER
control field Mx-PuUPA
005 - DATE AND TIME OF LATEST TRANSACTION
control field 20250605163830.0
008 - FIXED-LENGTH DATA ELEMENTS--GENERAL INFORMATION
fixed length control field 241030s2014 sp gr 00| 0 spa d
040 ## - CATALOGING SOURCE
Original cataloging agency Mx-PuUPA
Language of cataloging spa
Transcribing agency Mx-PuUPA
Modifying agency Mx-PuUPA
Description conventions rda
041 0# - LANGUAGE CODE
Language code of text/sound track or separate title spa
100 1# - MAIN ENTRY--PERSONAL NAME
Personal name Portellano, José Antonio,
Relator term autor
9 (RLIN) 17080
245 10 - TITLE STATEMENT
Title Neuropsicología de la atención, las funciones ejecutivas y la memoria /
Statement of responsibility, etc. José Antonio Portellano Pérez, Javier García Alba
264 #1 - PRODUCTION, PUBLICATION, DISTRIBUTION, MANUFACTURE, AND COPYRIGHT NOTICE
Place of production, publication, distribution, manufacture Madrid :
Name of producer, publisher, distributor, manufacturer Editorial Síntesis,
Date of production, publication, distribution, manufacture, or copyright notice [2014?]
300 ## - PHYSICAL DESCRIPTION
Extent 314 páginas ;
Dimensions 23 cm
336 ## - CONTENT TYPE
Fuente rdacontent
Content type term texto
Content type code txt
337 ## - MEDIA TYPE
Source rdamedia
Media type term sin medio
Media type code n
338 ## - CARRIER TYPE
Source rdacarrier
Carrier type term volumen
Carrier type code nc
490 0# - SERIES STATEMENT
Series statement Neuroprisología, neurociencia y ciencias cognitivas ;
Volume/sequential designation 1
650 #7 - SUBJECT ADDED ENTRY--TOPICAL TERM
Source of heading or term armarc
Topical term or geographic name entry element Neuropsicología
650 #7 - SUBJECT ADDED ENTRY--TOPICAL TERM
Source of heading or term armarc
Topical term or geographic name entry element Atención
General subdivision Aspectos fisiológicos
650 #7 - SUBJECT ADDED ENTRY--TOPICAL TERM
Source of heading or term armarc
Topical term or geographic name entry element Daño cerebral
General subdivision Pacientes
-- Rehabilitación
650 #7 - SUBJECT ADDED ENTRY--TOPICAL TERM
Source of heading or term armarc
Topical term or geographic name entry element Trastornos cognitivos
General subdivision Pacientes
-- Rehabilitación
650 #7 - SUBJECT ADDED ENTRY--TOPICAL TERM
Source of heading or term armarc
Topical term or geographic name entry element Trastornos de la memoria
700 1# - ADDED ENTRY--PERSONAL NAME
Personal name García Alba, Javier,
Relator term autor
942 ## - ADDED ENTRY ELEMENTS (KOHA)
Source of classification or shelving scheme Dewey Decimal Classification
Koha item type Libro
Classification part 616.8043
Item part P83
Existencias
Withdrawn status Lost status Source of classification or shelving scheme Damaged status Not for loan Collection code Home library Current library Shelving location Date acquired Source of acquisition Cost, normal purchase price Total Checkouts Full call number Barcode Date last seen Copy number Cost, replacement price Price effective from Koha item type
    Dewey Decimal Classification     General Biblioteca Karol Wojtyla Biblioteca Karol Wojtyla Sala general 15/05/2025 25 1627.00   616.8043 P83 2014 106088 05/01/2026 Ej.2 1627.00 15/05/2025 Libro
    Dewey Decimal Classification     General Biblioteca Karol Wojtyla Biblioteca Karol Wojtyla Sala general 15/05/2025 25 1627.00   616.8043 P83 2014 106087 05/01/2026   1627.00 15/05/2025 Libro